000 00519nab a2200145Ia 4500
003 ES-SlBCS
005 20210601144849.0
008 140529s2001 xxu||||| |||| 00| 0 spa d
041 _aspa
100 1 _aNavarro Cordón, Juan Manuel
_93692
245 0 0 _aNaturaleza humana y significado (Sobre la crítica de Hume al discurso teológico)
_c Juan Manuel Navarro Cordón
650 0 4 _aMetafísica-Discurso Teológico
_9305981
773 0 _tRevista de Filosofia
_gvol. 14, nº. 26, 2001, págs. 85-119
_wRev390
942 _cAR
999 _c715590
_d715590